000 00635nam a2200229 i 4500
001 88846
003 ES-MaACL
005 20230906175941.0
007 t|
008 050111s1990 fr ||||1| fre d
020 _a2-27101-0800-3
080 _a124.1
100 1 _aMorin, Edgar.
_983564
245 1 0 _aIntroduction áa la pensée complexe /
_cEdgar Morin.
260 _aParis :
_bESF,
_c1990.
300 _a158 p. ;
_c24 cm.
490 1 _aCommunication et complexité
650 1 4 _aComplejidad (Filosofía)
_911179
830 0 _aCommunication et complexité
_9231849
852 _aES-MaACL
_jE-10702
999 _c88846
_d88846